=LDR 00000nam 2200000 4500 =001 INLIS000000000060176 =005 20220111094401 =035 ##$$a 0010-0122000112 =007 ta =008 220111###########################0###### =082 ##$$a 324. 598 65 =084 ##$$a 324.598 65 Nus p =245 1#$$a Pedoman teknis sosialisasi, pendidikan pemilih, dan partisipasi masyarakat dalam penyelenggaraan pemilihan Gubernur dan wakil Gubernur Nusa Tengagara Barat, 2018 /$c Nusa Tenggara Barat, Komisi Pemilihan Umum =300 ##$$a 53 halaman ; $c 21 em =600 #4$$a Pemilihan Umum NTB-Gubernur-Juknis =264 ##$$a Mataram :$b Komisi Pemilihan Umum Nusa Tenggara Barat,$c 2018 =336 ##$$a Teks$2 rdacontent =337 ##$$a Buku$2 rdamedia =338 ##$$a Lain - lain$2 rdacarrier =990 ##$$a 01440144 =990 ##$$a 01450145 =990 ##$$a 01450145